| 000 | 00873 a2200361 4500 | ||
|---|---|---|---|
| 260 | _aParis | ||
| 630 | _a91 - Geographie. Exploration de la terre, des diverses regions, des divers pays. Voyages. Geographie regionale | ||
| 650 | _a9 - GEOGRAPHIE ET HISTOIRE | ||
| 100 | _aBerthaud, Claude | ||
| 260 | _bMasson | ||
| 245 | _aLe Marché commun | ||
| 300 | _a290 p. | ||
| 650 | _aEconomie | ||
| 650 | _aMarché commun | ||
| 650 | _aUnion européenne | ||
| 650 | _aCommerce international | ||
| 650 | _aGéographie économique | ||
| 260 | _c1981 | ||
| 300 | _b24 cm | ||
| 100 | _lFr | ||
| 440 | _aGéographie | ||
| 037 | _aL4858 | ||
| 037 | _aL4859 | ||
| 037 | _aL4855 | ||
| 037 | _aL4856 | ||
| 037 | _aL4854 | ||
| 037 | _aL4857 | ||
| 250 | _a2è éd. ref. | ||
| 020 | _a2-225-75185-4 | ||
| 440 | _x0338-2664 | ||
| 999 |
_c35702 _d35702 |
||